000
00292nam a22001217a 4500
008
260424b |||||||| |||| 00| 0 eng d
082
_a
001337
100
_a
Oja, Gopesh Kumar
245
_a
Jatakaparijata Vol 2
260
_a
Delhi
_b
Motilal Banarasidass
_c
2017
300
_a
1124p
942
_2
ddc
999
_c
1324
_d
1324